| 000 | 00764nam a22002057a 4500 | ||
|---|---|---|---|
| 005 | 20210325205935.0 | ||
| 008 | s2546 th ||||| |||| 00| j tha d | ||
| 020 | _a9789749150953 | ||
| 050 | _aSC น553ค 2546 | ||
| 100 | 0 | _aนิคม รายยวา | |
| 245 | 1 | 0 | _aคนบนต้นไม้ |
| 260 | 3 |
_aกรุงเทพฯ : _bมูลนิธิสถาบันวิชาการ 14 ตุลา, _c2546 |
|
| 300 |
_a99 หน้า ; _b 21 ซม. |
||
| 650 | 0 | 4 | _aเรื่องสั้น |
| 850 | _aNALT | ||
| 942 | _cSHT | ||
| 997 | _a40143 ฉ.1 /40144 ฉ.2 | ||
| 997 | _c000000000064837 | ||
| 998 | _aนางสุกัญญา กัลยา | ||
| 999 |
_c64837 _d64837 |
||